Ο ταξικός αγώνας στον αρχαίο ελληνικό κόσμο : από την αρχαϊκή εποχή ως την αραβική κατάκτηση

Αποθηκεύτηκε σε:
Λεπτομέρειες βιβλιογραφικής εγγραφής
Κύριος συγγραφέας: De Ste. Croix, G. E. M. (Geoffrey Ernest Maurice)
Άλλοι συγγραφείς: Κρητικός, Γιάννης (Μεταφραστής)
Μορφή: Βιβλίο
Γλώσσα:Greek
English
Δημοσίευση: Αθήνα : Ράππα, c1986.
Σειρά:Προβλήματα του καιρού μας (Ράππας)
Θέματα:
Ετικέτες: Προσθήκη ετικέτας
Δεν υπάρχουν, Καταχωρήστε ετικέτα πρώτοι!

MARC

LEADER 00000cam a2200000 i 4500
001 1/57296
008 020115s1986 gr | ||| |||| ||gre||
020 |a 960040853X 
035 |l 10000136 
040 |a GR-MyUa  |b gre  |e AACR2  
041 1 |a gre  |h eng 
082 7 |a 305.509495   |2 (22)  
100 1 |a De Ste. Croix, G. E. M.   |q (Geoffrey Ernest Maurice) 
245 1 2 |a Ο ταξικός αγώνας στον αρχαίο ελληνικό κόσμο :   |b από την αρχαϊκή εποχή ως την αραβική κατάκτηση /   |c G.E.M. De Ste Croix ; μετάφραση: Γιάννης Κρητικός. 
260 |a Αθήνα :   |b Ράππα,   |c c1986.  
300 |a 840 σ. ;  |c 24 εκ.  
490 1 |a (Προβλήματα του καιρού μας / Ράππας)  
650 0 |a Social classes  |z Greece  |x History. 
650 0 |a Slavery  |z Greece  |x History. 
651 0 |a Greece  |x Social life and customs. 
651 0 |a Greece  |x Social conditions. 
700 1 |a Κρητικός, Γιάννης,  |e trl 
765 0 8 |i Μετάφραση του:   |t The class struggle in the Ancient Greek world :  
830 0 |a Προβλήματα του καιρού μας (Ράππας) 
852 |a INST  |b RHODES  |e 20020115  |h 305.509495 DES  |p 005400016802  |q 005400016802  |t BK  |y 0 
901 |a BIBL4-2002-1 
970 |a Κουλακιότη   |b Λίτσα   |z 2002/01/15